000 00728cam a2200205K 4500
082 0 4 _a531.1
_bJES
_cL-5, P-18
100 1 _aReynolds, Joseph Benson,
_939829
245 1 0 _aElementary mechanics
_cby Joseph B. Reynolds.
260 _aNew York,
_bPrentice-Hall,
_c1928.
300 _a1 online resource (viii, 250 p.)
_bdiagrs.
526 _a0
_b0
_c0
_d531_100000000000000_JES
526 _a0
_b0
_c0
_d531_100000000000000_JES
526 _a0
_b0
_c0
_d531_100000000000000_JES
526 _a0
_b0
_c0
_d531_100000000000000_JES
650 0 _aMCE
_9379
650 0 _aMechanics.
_910681
856 4 0 _uhttp://books.google.com/books?id=J2w7AQAAIAAJ
856 4 0 _uhttp://catalog.hathitrust.org/api/volumes/oclc/2499249.html
942 _2ddc
_cBK
999 _c544254
_d544254